| 000 | 00889nam a2200241 a 4500 | ||
|---|---|---|---|
| 001 | BRL_530 | ||
| 005 | 20190320210803.0 | ||
| 008 | 020913s1955----mx-a######---#000-0#spa-# | ||
| 041 | _aspa | ||
| 044 | _amx | ||
| 050 | 4 |
_aF1219.3.P8 _b.M43 1955 |
|
| 100 | 1 |
_aMedellín Zenil, Alfonso _924145 |
|
| 245 | 1 | 0 |
_aExploraciones en la isla de sacrificios _binforme _cpor Alfonso Medellín Zenil. |
| 260 |
_aJalapa, Ver. _bGobierno del estado de veracruz, direccion general de educacion, departamento de antropologia _c1955 |
||
| 300 |
_a100 p. _bil.(algunas a oclor) _c23 cm. |
||
| 500 | _aAu590 | ||
| 650 | 1 | 4 |
_aCerámica indígena _zMéxico _923735 |
| 650 | 1 | 4 |
_aCerámica _zMéxico, Isla de Sacrificios _924212 |
| 651 | 4 |
_aIsla de Sacrifios, México _xAntigüedades _924213 |
|
| 710 | 2 |
_aGobierno del Estado de Veracruz _bDepartamento de Antropología _924214 |
|
| 902 | _aGRL | ||
| 942 |
_2lcc _cB |
||
| 999 |
_c9342 _d9342 |
||